000
00280nam a22001217a 4500
008
180126b xxu||||| |||| 00| 0 eng d
041
_a
eng
080
_a
91
100
_a
42
101
_a
GJEO
245
_a
Grand atlas and picture book of the world
_c
Nally,R.M
942
_2
udc
_c
BK
999
_c
41064
_d
41064